| 000 | 00464nam a22001937a 4500 | ||
|---|---|---|---|
| 003 | MPLRDC | ||
| 005 | 20220104113918.0 | ||
| 008 | 210129b ||||| |||| 00| 0 eng d | ||
| 020 | _a957-560-091-6 | ||
| 082 | _a848.2 LQX v.15 | ||
| 100 | _a林清玄著 | ||
| 245 |
_a红尘菩提 _c |
||
| 250 | _a初版三十印 | ||
| 260 |
_a _b九歌出版社 _c1992 |
||
| 300 | _b平 | ||
| 490 | _a九歌文库;295 | ||
| 650 | _a现代别集 | ||
| 942 |
_cBK _o848.2 LQX v.15 |
||
| 999 |
_c3325 _d3315 |
||